Histoire des Chichimèques, ou des anciens rois de Tezcuco

Saved in:
Bibliographic Details
Main Authors: Ternaux-Compans, H. (Author), Alva Ixtlilxochitl, Fernando de (Author)
Format: Book
Language:French
Published: París Arthus Bertrand, Libraire-éditeur 1837
Edition:1a. ed
Series:Voyages, Relations et Mémoires originaux pour servirà l'Histoire de la découverte de l'Amérique, 13, 14
Subjects:
Tags: Add Tag
No Tags, Be the first to tag this record!

MARC

LEADER 00000nam a2200000 a 4500
001 UCJ6537
003 CL-VaPUC
008 070124e18370000FR |||||||||||||||||fre|d
082 0 4 |a 910.4  |b TER  |2 21 
100 0 |a Ternaux-Compans, H.  |e author  |9 513362 
700 0 |a Alva Ixtlilxochitl, Fernando de  |e author  |9 513363 
245 1 0 |a Histoire des Chichimèques, ou des anciens rois de Tezcuco 
250 |a 1a. ed 
300 |a 2 v 
942 |c BK 
945 |d 20070124 00:00:00  |a rinostro 
260 |a París  |b Arthus Bertrand, Libraire-éditeur  |c 1837 
650 0 |a Arqueología   |9 265619 
650 0 |a Viajes  |9 257115 
650 0 |a Aztecas  |9 265930 
650 0 |a Cosmogonía   |9 268652 
650 0 |a Aborígenes  |9 329972 
650 7 |a TOLTECAS  |2 CL-VaPUC  |9 513364 
650 7 |a CHICHIMECAS  |2 CL-VaPUC  |9 444522 
650 7 |a REYES  |2 CL-VaPUC  |9 349627 
650 0 |a Guerras  |9 255273 
651 0 |a México  |9 255269 
583 |a last modification  |c 20070124 00:00:00  |k Rodrigo Vera 
490 0 |a Voyages, Relations et Mémoires originaux pour servirà l'Histoire de la découverte de l'Amérique, 13, 14 
999 |c 322640  |d 322638 
952 |0 0  |1 0  |4 0  |6 910_400000000000000_TER_1837  |7 0  |8 X  |9 401684  |a FDOBUD  |b FDOBUD  |d 2019-11-22  |h v.1  |i 1049283  |o 910.4 TER 1837  |p 1049283  |r 2019-11-22  |w 2019-11-22  |y BK_X  |k BUD 
952 |0 0  |1 0  |4 0  |6 910_400000000000000_TER_1837  |7 0  |8 X  |9 401685  |a FDOBUD  |b FDOBUD  |d 2019-11-22  |h v.2  |i 1049291  |o 910.4 TER 1837  |p 1049291  |r 2019-11-22  |w 2019-11-22  |y BK_X  |k BUD